00360nam a22001217a 450000500170000002000230001703500320004003700130007210000230008524500670010826000400017530000230021520180804121851.0 a8174453075c350.00 aB-219684,B-219682, B-219690 aDPLbENG aSahoo, Rajan Kumar aCo-operatives for economic development /cby Rajan Kumar Sahoo aNew DelhibMohit Publicationsc2005 axi, 160p.c20 cms.